Представление документа в формате RUSMARC

ПолеНазваниеЗначение
  Тип записи a
  Библиографический уровень a
001 Контрольный номер RU/УОНБ/EK_KRAY/320907079
005 Дата корректировки 20220304200037.8
100 Данные общей обработки __
a Данные общей обработки 20060328d2006 u u0rusy0103 ba
101 Язык документа 0_
a Язык текста rus
200 Заглавие и сведения об ответственности 1_
a Заглавие О поддержке семей военнослужащих и сотрудников правоохранительных органов погибших при исполнении служебных обязанностей, военнослужащих и сотрудников правоохранительных органов, получивших ранения в ходе боевых действий
e Сведения, относящиеся к заглавию постановление Правительства Ульян. обл. от 3 февр. 2006 г. N 30
210 Выходные данные 1_
d Дата издания 2006
225 Серия 1_
a Серия Деловая среда
330 Аннотация __
a Аннотация Изменено постановлением Правительства Ульян. обл. от 21 марта 2006 г. (Ульян. правда. 2006. 24 марта. С. 11).
461 Уровень набора _0
1 2001
a Ульяновская правда
0 Уровень набора Ульяновская правда
463 Уровень физической единицы _0
1 2000
a 8 февр.
v С. 5.
1 210
d 2006
610 Ключевые слова 0_
a Ключевые слова постановления Правительства Ульяновской области
610 Ключевые слова 0_
a Ключевые слова военнослужащие
610 Ключевые слова 0_
a Ключевые слова поддержка семей военнослужащих
686 Индексы других классификаций __
a Классификационный индекс 0Б(2...-4)
2 Код системы rubbk
686 Индексы других классификаций __
a Классификационный индекс 65.6-27
2 Код системы rubbk
801 Источник записи _0
a Страна RU
b Организация Ульяновская ОНБ
c Дата составления 20060328
g Правила каталогизации PSBO
801 Источник записи _1
a Страна RU
b Организация Ульяновская ОНБ
c Дата составления 20060328
901 Тип документа __
t Тип документа b
938 Служебная информация __
a Имя БД kraeved_work
b Имя библиотеки УОНБ
c Имя АИБС МАРК-SQL
d Номер DOC_ID в БД 50985